Vector Mechanics for Engineers: Dynamics (Record no. 613017)

000 -LEADER
fixed length control field 00388nam a22001457a 4500
020 ## - INTERNATIONAL STANDARD BOOK NUMBER
International Standard Book Number 9780070053663
040 ## - CATALOGING SOURCE
Transcribing agency Nust
082 ## - DEWEY DECIMAL CLASSIFICATION NUMBER
Classification number 620.1054
Author Mark BEE
100 ## - MAIN ENTRY--PERSONAL NAME
Personal name Beer
9 (RLIN) 36231
245 ## - TITLE STATEMENT
Title Vector Mechanics for Engineers: Dynamics
250 ## - EDITION STATEMENT
Edition statement 6th Edition
260 ## - PUBLICATION, DISTRIBUTION, ETC.
Place of publication, distribution, etc. New York:
Name of publisher, distributor, etc. McGraw-Hill,
Date of publication, distribution, etc. 1997.
650 ## - SUBJECT ADDED ENTRY--TOPICAL TERM
Topical term or geographic name entry element Vector Mechanics for Engineers: Dynamics
9 (RLIN) 128011
942 ## - ADDED ENTRY ELEMENTS (KOHA)
Source of classification or shelving scheme
Koha item type Book
Holdings
Withdrawn status Lost status Source of classification or shelving scheme Damaged status Not for loan Permanent Location Current Location Shelving location Date acquired Total Checkouts Full call number Barcode Date last seen Price effective from Koha item type
          College of Electrical & Mechanical Engineering (CEME) College of Electrical & Mechanical Engineering (CEME) General Stacks 02/28/2025   620.1054 BEE CEME- 37425 02/28/2025 02/28/2025 Book
© 2023 Central Library, National University of Sciences and Technology. All Rights Reserved.